Why Nations fail : the origins of power , prosperity, and poverty (Record no. 444649)

000 -LEADER
fixed length control field 00581cam a22001817a 4500
008 - FIXED-LENGTH DATA ELEMENTS--GENERAL INFORMATION
fixed length control field 180718b2013 xxu||||| |||| 00| 0 eng d
020 ## - INTERNATIONAL STANDARD BOOK NUMBER
International Standard Book Number 9781846684302
082 ## - DEWEY DECIMAL CLASSIFICATION NUMBER
Classification number T1 Ac34
100 ## - MAIN ENTRY--PERSONAL NAME
Personal name Acemoglu, Daron
245 ## - TITLE STATEMENT
Title Why Nations fail : the origins of power , prosperity, and poverty
Statement of responsibility, etc. by Daron Acemoglu and James A. Robinson
260 ## - PUBLICATION, DISTRIBUTION, ETC.
Place of publication, distribution, etc. London
Name of publisher, distributor, etc. Profile Books
Date of publication, distribution, etc. 2013
300 ## - PHYSICAL DESCRIPTION
Extent 529p.
650 ## - SUBJECT ADDED ENTRY--TOPICAL TERM
Topical term or geographic name entry element Failed states
650 ## - SUBJECT ADDED ENTRY--TOPICAL TERM
Topical term or geographic name entry element Economic history -- 1945-
650 ## - SUBJECT ADDED ENTRY--TOPICAL TERM
Topical term or geographic name entry element Economic anthropology
650 ## - SUBJECT ADDED ENTRY--TOPICAL TERM
Topical term or geographic name entry element Institutional economics
650 ## - SUBJECT ADDED ENTRY--TOPICAL TERM
Topical term or geographic name entry element Economics -- Political aspects
Holdings
Withdrawn status Lost status Damaged status Not for loan Permanent Location Current Location Date acquired Full call number Barcode Date last seen Price effective from Koha item type Total Checkouts Date last checked out Source of classification or shelving scheme Shelving location
        Indian Institute of Public Administration Indian Institute of Public Administration 2015-08-20 T1 Ac34 86268 2018-07-21 2018-07-21 Book        
        Indian Institute of Public Administration Indian Institute of Public Administration 2015-07-17 T1 Ac34 86212 2018-07-21 2018-07-21 Book        
        Indian Institute of Public Administration Indian Institute of Public Administration 2015-07-07 T1 Ac34 86198 2024-04-16 2018-07-21 Book 1 2023-07-25    
        Indian Institute of Public Administration Indian Institute of Public Administration 2015-07-07 SNT T1 Ac34 Gr25482 2025-04-11 2018-07-21 Book       On Display

Powered by Koha